<?xml version="1.0" encoding="UTF-8"?>
<resp>
  <nextPage>https://data.bn.org.pl/api/networks/bibs.marcxml?marc=001+b1000002839824&amp;sinceId=1000002839825</nextPage>
  <collection>
    <record xmlns='http://www.loc.gov/MARC21/slim'><leader>00977nam a2200301 i 4500</leader><controlfield tag='001'>b1000002839824</controlfield><controlfield tag='005'>20241203220252.6</controlfield><controlfield tag='008'>230203s2006    pl           |000 0 pol c</controlfield><controlfield tag='009'>9913165654605606</controlfield><datafield ind1=' ' ind2=' ' tag='020'><subfield code='a'>9788373896161</subfield><subfield code='q'>(oprawa miękka)</subfield></datafield><datafield ind1=' ' ind2=' ' tag='035'><subfield code='a'>(PL)b1000002839824</subfield></datafield><datafield ind1=' ' ind2=' ' tag='040'><subfield code='a'>OPO_2</subfield><subfield code='c'>OPO_2</subfield><subfield code='d'>WA N</subfield></datafield><datafield ind1='1' ind2=' ' tag='100'><subfield code='a'>Bédier, Joseph</subfield><subfield code='d'>(1864-1938)</subfield></datafield><datafield ind1='1' ind2='0' tag='245'><subfield code='a'>Pieśń o Rolandzie /</subfield><subfield code='c'>Joseph Bédier; przeł. Tadeusz Boy - Żeleński.</subfield></datafield><datafield ind1=' ' ind2=' ' tag='260'><subfield code='a'>Kraków :</subfield><subfield code='b'>&quot;Zielona Sowa&quot;,</subfield><subfield code='c'>2006.</subfield></datafield><datafield ind1=' ' ind2=' ' tag='300'><subfield code='a'>78, [2] s. ;</subfield><subfield code='c'>21 cm.</subfield></datafield><datafield ind1=' ' ind2=' ' tag='380'><subfield code='a'>Książki</subfield></datafield><datafield ind1=' ' ind2=' ' tag='852'><subfield code='b'>48OMNIS_NETWORK</subfield><subfield code='8'>9913165654605606</subfield></datafield><datafield ind1=' ' ind2=' ' tag='852'><subfield code='b'>48OMNIS_NLOP</subfield><subfield code='8'>991053066172205066</subfield></datafield><datafield ind1=' ' ind2=' ' tag='852'><subfield code='b'>48OMNIS_OPO</subfield><subfield code='8'>9926936907907</subfield></datafield><datafield ind1=' ' ind2=' ' tag='852'><subfield code='8'>22719267830005066</subfield><subfield code='j'>0</subfield><subfield code='b'>BN_PL</subfield><subfield code='p'>888a1308915</subfield><subfield code='c'>Reklamacja</subfield></datafield><datafield ind1=' ' ind2=' ' tag='852'><subfield code='8'>229589030007907</subfield><subfield code='j'>1</subfield><subfield code='b'>OPO_2</subfield><subfield code='p'>OW42903</subfield><subfield code='c'>OCK_W_DOR</subfield></datafield><datafield ind1=' ' ind2=' ' tag='920'><subfield code='a'>83-7389-616-3</subfield></datafield></record>
  </collection>
</resp>
